Statystyki dla Azja: 10 najmniejszych państw

Kliknij tutaj aby rozwiązać quiz!

Ogólne statystyki

  • Ten quiz został rozwiązany 44 razy
  • Średni wynik to 9 z 10

Statystyki odpowiedzi

#Państwo% Poprawnych
2Singapur
100%
7Katar
97%
3Bahrajn
95%
4Brunei
95%
9Kuwejt
95%
8Timor Wschodni
92%
10Izrael
87%
1Malediwy
85%
6Liban
82%
5Cypr
69%

Rozkład punktacji

Percentyl według liczby udzielonych odpowiedzi

Procent ludzi z każdym wynikiem

Twoja historia wyników

Nie rozwiązałeś tego quizu